000 00228nam a22000857a 4500
008 160920b xxu||||| |||| 00| 0 eng d
100 _9661
_aBahuguna.R
245 _aMacro Economics-XII
260 _aNew Delhi
_bDhanpat Publications
_c2012
999 _c3318
_d3318